000 00716nam a22002177a 4500
003 0
005 20250916111456.0
008 250916b xxu||||| |||| 00| 0 eng d
020 _a978-1-394-25213-8
050 _aHD 69.P75
_b.M47 2025
100 _aMeredith, Jack R.,
_eauthor.
245 _aProject management in practice /
_cJack R. Meredith and Scott M. Shafer.
250 _aEighth edition.
260 _aHoboken, NJ :
_bJohn Wiley & Sons, Inc.,
_c2025.
300 _axviii, 304 pages :
_billustrations ;
_c26 cm.
504 _aIncludes bibliographical references and index.
650 _aProject management.
650 _aIndustrial management.
700 _aShafer, Scott M.,
_eauthor.
942 _2lcc
_cBK
999 _c367981
_d367981